[Event "32nd Bratto Masters"]
[Site "Bratto ITA"]
[Date "2012.08.24"]
[Round "7.8"]
[White "Esposito,L"]
[Black "Collutiis,D"]
[Result "1/2-1/2"]
[WhiteElo "2256"]
[BlackElo "2511"]

1.d4 Nf6 2.c4 g6 3.g3 Bg7 4.Bg2 d6 5.Nf3 O-O 6.Nc3 Nbd7 7.O-O e5 8.e4 exd4
9.Nxd4 c6 10.h3 Qb6 11.Re1 Ng4 12.Nce2 Nge5 13.b3 Nc5 14.Rf1 a5 15.Qc2 a4
16.Bb2 Re8 17.Bc3 Ne6 18.Nxe6 Bxe6 19.Rad1 axb3 20.axb3 Rad8 21.Bd4 c5 22.Bc3 Nc6
23.Bxg7 Kxg7 24.Rd2 Qb4 25.Rfd1 b5 26.Rxd6 Rxd6 27.Rxd6 Na5 28.Nf4 bxc4 29.Nxe6+ Rxe6
30.Rxe6 fxe6 31.bxc4 Nxc4 32.Qd3 Ne5  1/2-1/2

[Event "e2e4 Hinckley Open 2012"]
[Site "Hinckley ENG"]
[Date "2012.08.25"]
[Round "3.6"]
[White "Barnes,M"]
[Black "Harnett,Robert J"]
[Result "1/2-1/2"]
[WhiteElo "2220"]
[BlackElo "2013"]

1.d4 Nf6 2.Nf3 g6 3.c4 Bg7 4.g3 O-O 5.Bg2 d6 6.Nc3 Nbd7 7.O-O e5 8.Qc2 c6
9.Rd1 Qc7 10.Rb1 Re8 11.b4 h6 12.e4 exd4 13.Nxd4 Ne5 14.b5 c5 15.b6 Qe7 16.Ndb5 Bg4
17.Rf1 axb6 18.f3 Be6 19.Nd5 Bxd5 20.cxd5 Red8 21.Bd2 Ne8  1/2-1/2

[Event "BDO Challengers 2012"]
[Site "Haarlem NED"]
[Date "2012.08.26"]
[Round "2.1"]
[White "Ilic,Zo1"]
[Black "Bosboom,M"]
[Result "1/2-1/2"]
[WhiteElo "2344"]
[BlackElo "2383"]

1.d4 Nf6 2.Nf3 g6 3.c4 Bg7 4.g3 O-O 5.Bg2 d6 6.O-O Nbd7 7.Nc3 e5 8.e4 exd4
9.Nxd4 c6 10.b3 Nc5 11.h3 Re8 12.Re1 a5 13.Bf4 h6 14.Qc2 Nfd7 15.Be3 Kh7
16.Rad1 Qe7 17.f4 Bf8 18.Bf2 Qf6 19.a3 Qd8 20.Kh2 Kg8 21.b4 axb4 22.axb4 Ne6
23.Re2 h5 24.Nxe6 Rxe6 25.Red2 Qc7 26.Ne2 Re8 27.Kh1 Nf6 28.Bd4 Qe7 29.Nc3  1/2-1/2

[Event "World Youth U16 Olympiad 2012"]
[Site "Istanbul TUR"]
[Date "2012.08.29"]
[Round "1.14"]
[White "De Abreu,Roberto N"]
[Black "Ladopoulos,D"]
[Result "0-1"]
[WhiteElo "1970"]
[BlackElo "2027"]

1.d4 Nf6 2.c4 g6 3.g3 Bg7 4.Bg2 O-O 5.Nf3 d6 6.Nc3 Nbd7 7.O-O e5 8.e4 c6
9.h3 Qb6 10.d5 cxd5 11.Nxd5 Nxd5 12.Qxd5 Nc5 13.Be3 Be6 14.Bxc5 dxc5 15.Qd3 Rad8
16.Qe2 h6 17.Rfd1 Qa5 18.a3 Rxd1+ 19.Rxd1 Qa4 20.Bf1 Bxc4 21.Qe1 Be6 22.Rd6 Rc8
23.Nh2 Qb3 24.Qd2 Bf8 25.Rd3 Qa4 26.Bg2 b5 27.Ng4 Kh7 28.Nxe5 Bg7 29.Ng4 c4
30.Rf3 Rc7 31.Nf6+ Bxf6 32.Rxf6 Rd7 33.Qf4 Qd1+ 34.Kh2 Qd2 35.Qb8 Qxb2 36.e5 Qxa3
37.Bd5 Qc1 38.Qxb5 Re7  0-1

[Event "BDO Challengers 2012"]
[Site "Haarlem NED"]
[Date "2012.08.30"]
[Round "6.1"]
[White "Ilic,Zo1"]
[Black "Van Delft,M"]
[Result "1/2-1/2"]
[WhiteElo "2344"]
[BlackElo "2391"]

1.d4 Nf6 2.Nf3 g6 3.c4 Bg7 4.g3 O-O 5.Bg2 d6 6.Nc3 Nc6 7.O-O a6 8.Re1 Rb8
9.Rb1 Bf5 10.e4 Bg4 11.Be3 Nd7 12.Ne2 Na5 13.b3 c5 14.h3 Bxf3 15.Bxf3 b5
16.cxb5 axb5 17.Qd2 b4 18.Rec1 Nc6 19.dxc5 Nxc5 20.Bg2  1/2-1/2

[Event "11th Kesarovski-Stanchev Mem"]
[Site "Sunny Beach BUL"]
[Date "2012.09.01"]
[Round "1.57"]
[White "Galicek,S"]
[Black "Vasileva,C"]
[Result "1-0"]
[WhiteElo "2164"]
[BlackElo "1586"]

1.d4 g6 2.c4 Nf6 3.g3 Bg7 4.Bg2 d6 5.Nf3 O-O 6.O-O Nbd7 7.Nc3 a6 8.e4 e5
9.h3 h6 10.Be3 Re8 11.Qc2 b6 12.Rfd1 Bb7 13.d5 Qe7 14.b4 Nf8 15.c5 bxc5 16.bxc5 Reb8
17.Na4 Bc8 18.cxd6 cxd6 19.Nb6 Rxb6 20.Bxb6 N8d7 21.Be3 Bb7 22.Rac1 Rc8 23.Qb3 Rxc1
24.Rxc1 Nc5 25.Bxc5 dxc5 26.d6 Qd7 27.Nxe5 Qe6 28.Qxb7 Qxe5 29.d7 Nxd7 30.Qxd7 Qg5
31.Rb1 Bd4 32.Rb8+ Kg7 33.Qe8  1-0

[Event "5th Sabadell Open A"]
[Site "Sabadell ESP"]
[Date "2012.09.03"]
[Round "5"]
[White "Ryan,Jo"]
[Black "Clavijo,J"]
[Result "0-1"]
[WhiteElo "2300"]
[BlackElo "2319"]

1.d4 Nf6 2.c4 g6 3.g3 Bg7 4.Bg2 O-O 5.Nf3 d6 6.O-O Nbd7 7.Nc3 e5 8.e4 c6
9.h3 exd4 10.Nxd4 Nc5 11.Rb1 Re8 12.Re1 a5 13.b3 Nfd7 14.Be3 Ne5 15.Re2 a4
16.f4 Ned7 17.Bf2 axb3 18.axb3 Ra3 19.Qc2 Qf6 20.Rd2 h5 21.Nde2 Qe7 22.Bd4 Bh6
23.Bf2 Qf6 24.b4 Ne6 25.Rxd6 h4 26.f5 Bf8 27.Rxd7 Bxd7 28.fxe6 Bxe6 29.c5 Bg7
30.Rc1 hxg3 31.Bxg3 Qg5 32.Bf4 Qh5 33.Qd3 Rb3 34.e5 Rxb4 35.Ne4 Bxe5 36.N2g3 Qh8
37.Bxe5 Qxe5  0-1

[Event "11th Kesarovski-Stanchev Mem"]
[Site "Sunny Beach BUL"]
[Date "2012.09.03"]
[Round "3.16"]
[White "Spassov,L"]
[Black "Kubik,M"]
[Result "1-0"]
[WhiteElo "2329"]
[BlackElo "2138"]

1.d4 Nf6 2.c4 g6 3.Nf3 Bg7 4.g3 O-O 5.Bg2 d6 6.O-O Nc6 7.Nc3 a6 8.Bf4 Rb8
9.Rc1 Bd7 10.Qd2 b5 11.Nd5 bxc4 12.Nxf6+ Bxf6 13.Rxc4 e5 14.Bh6 Re8 15.Rfc1 Nxd4
16.Nxd4 exd4 17.Rxc7 Be6 18.b3 Rc8 19.Rxc8 Bxc8 20.h4 Bg4 21.Qf4 Be6 22.Bf3 Be5
23.Qd2 Qb6 24.Rc6 Qb5 25.Qc2 Qa5 26.Rc7 Bf5 27.Qc6 Rb8 28.Ra7 Qc3 29.Qxa6 Qe1+
30.Kg2 d3 31.Qb7  1-0

[Event "XVI BCC Open"]
[Site "Cesenatico ITA"]
[Date "2012.09.04"]
[Round "4"]
[White "Colovic,A"]
[Black "Maurer,F"]
[Result "1/2-1/2"]
[WhiteElo "2449"]
[BlackElo "2148"]

1.d4 Nf6 2.c4 g6 3.Nf3 Bg7 4.g3 O-O 5.Bg2 d6 6.Nc3 Nc6 7.O-O a6 8.b3 Rb8
9.Nd5 e6 10.Nxf6+ Bxf6 11.Bb2 e5 12.d5 Ne7 13.c5 Bg7 14.e4 Bg4 15.Qc2 Qd7
16.Ba3 f5 17.Ng5 fxe4 18.Bxe4 Bh6 19.Ne6 Rf6 20.cxd6 cxd6 21.Rad1 Rc8 22.Qd3 Bxd1
23.Rxd1 Nf5 24.Bg2 Bf8 25.Qd2 Qb5 26.Bh3 Bh6 27.Qb2 Qb6 28.Qe2 Qa5 29.Qb2 Bf8
30.Bf1 b5 31.Rc1 Rxc1 32.Qxc1 Nd4 33.Nxd4 exd4 34.Bb2 Bg7 35.Bxd4 Rf8 36.Qb2 Bxd4
37.Qxd4 Qe1 38.a4 bxa4 39.bxa4 a5 40.Kg2 Qe5 41.Qd3 Rb8 42.Qc4  1/2-1/2

[Event "11th Istanbul Open A"]
[Site "Istanbul TUR"]
[Date "2012.09.04"]
[Round "5"]
[White "Metin,O"]
[Black "Primbetov,K"]
[Result "0-1"]
[WhiteElo "2016"]
[BlackElo "2209"]

1.d4 Nf6 2.c4 g6 3.g3 Bg7 4.Bg2 O-O 5.Nf3 d6 6.O-O c5 7.d5 e5 8.Nc3 Ne8 9.e4 f5
10.Ne1 f4 11.Nd3 g5 12.g4 Nf6 13.f3 h5 14.h3 Rf7 15.Kf2 Nbd7 16.Ke1 Nf8 17.Kd2 Ng6
18.Kc2 Nh4 19.Bh1 hxg4 20.hxg4 Bf8 21.Bd2 a6 22.Qe2 Rb8 23.Be1 b5 24.b3 Rh7
25.Bg2 Nd7 26.Rh1 Be7 27.a4 bxc4 28.bxc4 Nf8 29.Bxh4 gxh4 30.Nf2 Bg5 31.Nd3 Qa5
32.Qd2 Rhb7 33.Rhb1 Bd7 34.Rxb7 Rxb7 35.Qc1 Nh7 36.Qa3 Bd8 37.Rb1 Rxb1 38.Kxb1 Ng5
39.Kc2 h3 40.Bh1 Qb6 41.Qc1 Qb8 42.Qe1 Kg7 43.a5 Bxa5 44.Qa1 Qd8 45.Ne2 Kf7
46.Qb2 Ba4+ 47.Kc1 Qb6 48.Nxe5+ dxe5 49.Qxe5 Qf6 50.Qxf6+ Kxf6 51.Nxf4 Ke5
52.Ng6+ Kd4 53.e5 Be8 54.Ne7 Kxe5 55.Kc2 Bd8 56.Nc8 Bd7 57.Na7 Bb6 58.Nc6+ Bxc6
59.dxc6 Kf4  0-1

[Event "FSGM Sept 2012"]
[Site "Budapest HUN"]
[Date "2012.09.05"]
[Round "5.1"]
[White "Lalic,B"]
[Black "Konnyu,J"]
[Result "1-0"]
[WhiteElo "2475"]
[BlackElo "2328"]

1.d4 Nf6 2.c4 g6 3.Nf3 Bg7 4.g3 d6 5.Bg2 O-O 6.O-O Nbd7 7.Nc3 e5 8.h3 c6
9.e4 Qb6 10.Re1 exd4 11.Nxd4 Ne8 12.Nb3 a5 13.Be3 Qc7 14.Nd4 Nc5 15.b3 a4
16.b4 Ne6 17.Rc1 Nxd4 18.Bxd4 Bxd4 19.Qxd4 c5 20.bxc5 Qxc5 21.Qxc5 dxc5 22.e5 Be6
23.Bxb7 Ra7 24.Bc6 Bxc4 25.Nxa4 Bxa2 26.Nxc5 Ng7 27.Nd7 Rd8 28.Nf6+ Kh8 29.Ra1 Ne6
30.Bd5 Ra5 31.Bxe6 fxe6 32.Rec1  1-0

[Event "XVI BCC Open"]
[Site "Cesenatico ITA"]
[Date "2012.09.06"]
[Round "6"]
[White "Villa,G"]
[Black "Maurer,F"]
[Result "1/2-1/2"]
[WhiteElo "1966"]
[BlackElo "2148"]

1.d4 Nf6 2.Nf3 g6 3.c4 Bg7 4.g3 O-O 5.Bg2 d6 6.O-O Nc6 7.d5 Na5 8.Nfd2 c6
9.Nc3 cxd5 10.cxd5 Bd7 11.Rb1 Rc8 12.Nde4 Nxe4 13.Nxe4 Bf5 14.b3 Qc7 15.Bb2 Bxb2
16.Rxb2 Qb6 17.Rc2 Qb4 18.Qd2 Qxd2 19.Rxd2 Rc7 20.Ng5 Rfc8 21.e4 Bd7 22.f4 Rc2
23.Rff2 Rc1+ 24.Rf1 R1c2 25.Rff2 Rc1+ 26.Rf1 R1c2  1/2-1/2

[Event "5th Sabadell Open A"]
[Site "Sabadell ESP"]
[Date "2012.09.07"]
[Round "9"]
[White "Vigoa Apecheche,Yan"]
[Black "Rodriguez Garcia,V"]
[Result "1-0"]
[WhiteElo "2243"]
[BlackElo "2383"]

1.d4 d6 2.Nf3 Nf6 3.c4 g6 4.g3 Bg7 5.Bg2 O-O 6.O-O c6 7.Nc3 Qa5 8.h3 Nbd7
9.e4 Re8 10.Re1 e5 11.Be3 exd4 12.Bxd4 Qc7 13.Rc1 Ne5 14.b3 Nfd7 15.Nh2 Nc5
16.Bf1 f5 17.b4 Nxe4 18.Nxe4 fxe4 19.Rxe4 Bf5 20.Re3 g5 21.Bxe5 Rxe5 22.Rxe5 dxe5
23.Qh5 Qe7 24.h4 h6 25.c5 Kh7 26.Nf3 Bg6 27.Qg4 Rf8 28.h5 Bf5 29.Qc4 Qf7
30.Qxf7 Rxf7 31.Nd2 Re7 32.Be2 Bf6 33.g4 Be6 34.Ne4 Kg7 35.Nd6 e4 36.Rc2 Be5
37.Nxe4 Bd5 38.Ng3 Rd7 39.Nf5+ Kh7 40.Bd3 Kh8 41.Re2 Bf3 42.Rxe5 Rxd3 43.Re8+ Kh7
44.Re7+ Kh8 45.Nxh6  1-0

[Event "11th Istanbul Open A"]
[Site "Istanbul TUR"]
[Date "2012.09.08"]
[Round "9"]
[White "Barsov,A"]
[Black "Kanmazalp,O"]
[Result "1/2-1/2"]
[WhiteElo "2532"]
[BlackElo "2369"]

1.d4 Nf6 2.Nf3 g6 3.c4 Bg7 4.g3 O-O 5.Bg2 d6 6.O-O Nbd7 7.Nc3 e5 8.h3 exd4
9.Nxd4 Nb6 10.b3 d5 11.Ba3 Re8 12.c5 Nbd7 13.c6 Ne5 14.cxb7 Bxb7 15.Rc1 Rc8
16.Nf3 Ned7 17.Ne1 c6 18.Nd3 a5 19.Re1 Ba6 20.Rc2 h5 21.Nc5 Nxc5 22.Bxc5 Nd7
23.Ba3 h4 24.g4 Nf8 25.Na4 Ne6 26.Nc5 Nxc5 27.Bxc5 d4 28.Qc1 d3 29.exd3 Bxd3
30.Rd1 Bxc2 31.Rxd8 Rcxd8 32.Qxc2 Re1+ 33.Bf1 Rdd1 34.Kg2 Rxf1 35.Qe4 Rg1+
36.Kf3 Rh1 37.Qe8+ Kh7 38.Qxf7 Rxh3+ 39.Kg2 Rhd3 40.Qe7 h3+ 41.Kh2 R1d2 42.a4 Rxb3
43.Be3 Rd5 44.Kxh3 Rb4 45.Kg3 Rd3 46.Kf3 Rbd4 47.Ke2 Rd7 48.Qc5 Bd4 49.Qxa5 Bxe3
50.fxe3 R3d5 51.Qb6 Rd2+ 52.Kf3 Rf7+ 53.Kg3 Ra2 54.Qb3 Raf2 55.e4 Rf1 56.e5 Re7
57.Qe3 Rf8 58.Qc5 Rfe8 59.Kf4 Rf7+ 60.Ke4 Ra8 61.e6 Rxa4+ 62.Ke5 Rg7 63.Qxc6 Rxg4
64.Qh1+ Kg8 65.Qa8+ Kh7 66.Qd8 Rg2 67.Qh4+ Kg8 68.Qd8+ Kh7 69.Qh4+ Kg8 70.Qc4 Kh7
71.Qh4+  1/2-1/2

[Event "Vladivostok Russian Cup 2012"]
[Site "Vladivostok RUS"]
[Date "2012.09.17"]
[Round "1.4"]
[White "Sukhareva,E"]
[Black "Kurnosov,I"]
[Result "0-1"]
[WhiteElo "2268"]
[BlackElo "2660"]

1.d4 Nf6 2.c4 g6 3.Nf3 Bg7 4.g3 O-O 5.Bg2 d6 6.Nc3 Nc6 7.O-O Bf5 8.b3 e5
9.Bb2 Nxd4 10.Nxd4 exd4 11.Qxd4 Ne4 12.Qe3 Re8 13.Qc1 Nxc3 14.Bxc3 Rxe2 15.Bxg7 Kxg7
16.Bxb7 Rb8 17.Bf3 Rc2 18.Qd1 Qf6 19.Bc6 h5 20.h4 Rb6 21.Qf3 Ra6 22.Ba4 Ra5
23.Rfc1 Rd2 24.a3 Re5 25.Re1 Ree2 26.Rf1 Bh3 27.Qxf6+ Kxf6 28.Rfd1 Rxf2 29.Rxd2 Rxd2
30.Bc6 Rd3 31.Kh2 Be6 32.Rb1 Ke5 33.Kg2 Kd4 34.Be8 Rd2+ 35.Kg1 Rd3 36.Kg2 Bf5
37.Rb2 Be4+ 38.Kh2 Rd1 39.g4 Rh1+ 40.Kg3 Rg1+ 41.Kh3 hxg4+  0-1

[Event "Vladivostok Russian Cup 2012"]
[Site "Vladivostok RUS"]
[Date "2012.09.21"]
[Round "5.24"]
[White "Muratov,S"]
[Black "Starkov,D"]
[Result "1-0"]
[WhiteElo "2250"]
[BlackElo "1983"]

1.d4 Nf6 2.c4 g6 3.Nf3 Bg7 4.g3 O-O 5.Bg2 d6 6.Nc3 Nc6 7.O-O e5 8.d5 Ne7
9.e4 Bd7 10.Ne1 c6 11.Nd3 cxd5 12.cxd5 Rc8 13.Be3 Qa5 14.a4 Qa6 15.f3 b6
16.Qd2 Rc7 17.Rfc1 Ne8 18.b4 f5 19.b5 Qc8 20.Ne2 fxe4 21.fxe4 Nf6 22.h3 Qb8
23.Nb4 Rfc8 24.Nc6 Nxc6 25.dxc6 Be8 26.Qxd6 Rd8 27.Qa3 Bf7 28.Rd1 Be6 29.Nc3 Bf8
30.Qb2 Rf7 31.Kh2 Ne8 32.Rxd8 Qxd8 33.Rd1 Qc7 34.Nd5 Bxd5 35.Rxd5 Bd6 36.Rd2 Nf6
37.Rf2 Kg7 38.Qa2 Qe7 39.Qc4 Bc7 40.Bf3  1-0

[Event "Baku Open 2012"]
[Site "Baku AZE"]
[Date "2012.09.22"]
[Round "1.12"]
[White "Esen,B"]
[Black "Asgarov,M"]
[Result "1-0"]
[WhiteElo "2588"]
[BlackElo "2297"]

1.d4 Nf6 2.Nf3 g6 3.c4 Bg7 4.g3 d6 5.Bg2 O-O 6.O-O Nc6 7.Nc3 a6 8.Bf4 Rb8
9.Rc1 Bd7 10.Qd3 b5 11.d5 Na5 12.cxb5 axb5 13.Nd4 Qe8 14.Nd1 e5 15.dxe6 fxe6
16.Rxc7 e5 17.Bd2 Nc4 18.Nb3 Be6 19.Bb4 Rf7 20.Rxf7 Qxf7 21.e4 g5 22.Nc1 d5
23.exd5 Nxd5 24.Be1 Nf6 25.b3 e4 26.Qd4 Qh5 27.Bc3 Nb6 28.Qd6 Qe8 29.Bxf6 Bxf6
30.Bxe4 Nd7 31.Bd5 Bxd5 32.Qxd5+ Qf7 33.Ne3 Ne5 34.Nd3 Qxd5 35.Nxd5 Nxd3
36.Nxf6+ Kg7 37.Ne4 g4 38.f3 Ra8 39.fxg4 Rxa2 40.Ng5 Re2 41.Nf3 Nb2 42.Nd4  1-0

[Event "DYTM KL Open 2012"]
[Site "Kuala Lumpur MAS"]
[Date "2012.09.22"]
[Round "8.10"]
[White "Ng Tze Han"]
[Black "Dableo,R"]
[Result "1/2-1/2"]
[WhiteElo "2285"]
[BlackElo "2430"]

1.d4 Nf6 2.Nf3 g6 3.c4 Bg7 4.g3 d6 5.Bg2 O-O 6.O-O c6 7.Nc3 a6 8.h3 b5 9.cxb5 axb5
10.b4 Na6 11.Rb1 Bf5 12.Rb2 Ne4 13.Nb1 d5 14.Ne5 f6 15.Nxc6 Qd7 16.Na5 Nxb4
17.Rxb4 Rxa5 18.Qb3 Kh8 19.Nd2 Be6 20.Rd1 Ng5 21.h4 Nf7 22.Nb1 Rc8 23.Nc3 Rc4
24.Bd2 Nd8 25.Rxc4 bxc4 26.Qb8 Bg8 27.Rb1 e5 28.Rb5 Nc6 29.Qb6 Rxb5 30.Qxb5 exd4
31.Nxd5 c3 32.Bf4 Ne5 33.Qb8 Nc4 34.a4 h5 35.Qb5 Qxb5 36.axb5 f5 37.Nb4 Bf8
38.Nd3 c2 39.Ne1 Ne3 40.Nxc2 Nxc2 41.b6 Nb4 42.b7 Na6 43.b8=Q Nxb8 44.Bxb8 Bc4
45.Bf1  1/2-1/2

[Event "TCh-SUI National A 2012"]
[Site "Switzerland SUI"]
[Date "2012.09.22"]
[Round "6.7"]
[White "Almada,E"]
[Black "Maeser,F"]
[Result "0-1"]
[WhiteElo "2352"]
[BlackElo "2271"]

1.d4 Nf6 2.c4 g6 3.Nf3 Bg7 4.g3 O-O 5.Bg2 d6 6.O-O Nbd7 7.Nc3 e5 8.e4 a6
9.Re1 exd4 10.Nxd4 Ng4 11.Qxg4 Bxd4 12.Qe2 Bg7 13.Be3 Ne5 14.Rad1 b6 15.h3 Be6
16.Nd5 b5 17.c5 Nc4 18.Bc1 dxc5 19.b3 Ne5 20.Nb6 cxb6 21.Rxd8 Raxd8 22.Rd1 c4
23.Ba3 Rxd1+ 24.Qxd1 Rc8 25.f4 Nd3 26.e5 b4 27.bxc4 Bxc4 28.Bc1 Bxa2 29.Qxd3 Rxc1+
30.Kh2 Bc4 31.Qd2 Rc3 32.Qd8+ Bf8 33.Bd5 Rc2+ 34.Kh1 b3 35.Bxc4 Rxc4 36.e6 b2
37.e7 b1=Q+ 38.Kg2 Qe4+  0-1

[Event "21st TCh-CRO 1b 2012"]
[Site "Sibenik CRO"]
[Date "2012.09.24"]
[Round "2.1"]
[White "Markotic,G"]
[Black "Zivkovic,Ni"]
[Result "1-0"]
[WhiteElo "2280"]
[BlackElo "2262"]

1.d4 Nf6 2.c4 g6 3.Nf3 Bg7 4.g3 O-O 5.Bg2 d6 6.O-O Nbd7 7.Nc3 e5 8.dxe5 dxe5
9.Qc2 c6 10.b3 Re8 11.Bb2 a5 12.Rfd1 Qc7 13.Rac1 Nc5 14.Ba3 Bf8 15.Qb2 b6
16.Nd2 Nfd7 17.Nde4 f5 18.Bxc5 bxc5 19.Rxd7 Bxd7 20.Nf6+ Kg7 21.Nxe8+ Rxe8
22.e4 Kg8 23.Rd1 Be6 24.Qe2 f4 25.Bf3 fxg3 26.hxg3 Rd8 27.Bg4 Bf7 28.Na4 Rd4
29.Nb2 h5 30.Bh3 Qe7 31.Kg2 Bh6 32.Qe1 Qd8 33.Rxd4 cxd4 34.Nd3 Qc7 35.Qb1 c5
36.Nb2 Qc6 37.Qc2 Be8 38.Qe2 Qd6 39.Qc2 Bc6 40.Qe2 Bg5 41.Nd3 Kg7 42.f3 h4
43.Qe1 Bd8 44.gxh4 a4 45.Qg3 axb3 46.axb3 Bc7 47.h5 Kh6 48.hxg6 Kg7 49.Bf5 Qe7
50.Qg4 Bd6 51.Qh5 Qf6 52.Kg3 Be8 53.Qh7+ Kf8 54.Kg4 Qg7 55.f4 exf4 56.Nxf4 Bxf4
57.Kxf4 Bc6 58.Qxg7+ Kxg7 59.e5 Be8 60.Kg5 Bc6 61.e6 Bg2 62.Kf4 Kf6 63.g7 Kxg7
64.Ke5 Bf3 65.Kd6 Kf6 66.e7 Bh5 67.Bd7 d3 68.e8=Q Bxe8 69.Bxe8 Kg5 70.b4  1-0

[Event "TCh-VIE 2012"]
[Site "Ho Chi Minh City VIE"]
[Date "2012.09.25"]
[Round "7.22"]
[White "Nguyen,Mai Duc Tri"]
[Black "Huynh Lam Binh Nguyen"]
[Result "1/2-1/2"]
[WhiteElo "2082"]
[BlackElo "2017"]

1.d4 Nf6 2.Nf3 g6 3.c4 Bg7 4.g3 O-O 5.Bg2 d6 6.O-O Nc6 7.Nc3 e5 8.dxe5 dxe5
9.Bg5 Be6 10.b3 Qxd1 11.Raxd1 Rad8 12.Bxf6 Bxf6 13.Nd5 Bxd5 14.cxd5 Nb4 15.e4 Nxa2
16.Ra1 Nc3 17.Rxa7 Rb8 18.Nd2 Be7 19.Kh1 Bc5 20.Raa1 b5  1/2-1/2

[Event "TCh-VIE 2012"]
[Site "Ho Chi Minh City VIE"]
[Date "2012.09.25"]
[Round "7.26"]
[White "Le Minh Hoang"]
[Black "Nguyen,Cong Tai"]
[Result "1-0"]
[WhiteElo "1939"]
[BlackElo "1783"]

1.d4 Nf6 2.Nf3 g6 3.c4 Bg7 4.g3 O-O 5.Bg2 d6 6.b3 Nbd7 7.Bb2 c5 8.Nbd2 Rb8
9.O-O a6 10.Qc2 b5 11.dxc5 Nxc5 12.Nd4 Bb7 13.Nc6 Bxc6 14.Bxc6 Qc8 15.Bg2 Qe6
16.Rac1 Qxe2 17.Rfe1 Qd3 18.Rxe7 Rfe8 19.Rxe8+ Rxe8 20.Bf1 Qxc2 21.Rxc2 b4
22.Bd4 Nfe4 23.Nxe4 Nxe4 24.Be3 Bc3 25.Kg2 Rd8 26.Kf3 f5 27.g4 Nc5 28.gxf5 gxf5
29.Bh3 Rf8 30.Rc1 Rf6 31.Rd1 Kf7 32.Rd5 Nd7 33.Rxf5 Ne5+ 34.Ke4 Ng6 35.Rxf6+ Kxf6
36.Bc8 a5 37.Bb6 Ne5 38.Bxa5 Nc6 39.Bb6 Ne7 40.Bh3 Ng6 41.Bd8+ Kf7 42.Bf5 Ke8
43.Bxg6+ Kxd8 44.Bxh7 Ke7 45.Kd5 Be5 46.h4 Kf6 47.Kc6 Kg7 48.Bd3 Kh6 49.Be2 Kg6
50.Kb5 Bc3 51.Ka4 Be1 52.h5+ Kg5 53.Bd1 Bc3 54.a3 bxa3 55.Kxa3 Bd4 56.f3 Kxh5
57.b4 Kg5 58.b5 Bb6 59.Kb3 Kf4 60.Kc3 Ke3 61.c5 Bxc5 62.Kc4 Kd2 63.f4 Kxd1
64.f5 Ke2 65.f6 Ke3 66.f7  1-0

[Event "1st Simon Bolivar Open 2012"]
[Site "San Cristobal VEN"]
[Date "2012.09.26"]
[Round "2.2"]
[White "Leitao,R"]
[Black "Pulvett,D"]
[Result "1/2-1/2"]
[WhiteElo "2623"]
[BlackElo "2383"]

1.d4 Nf6 2.c4 g6 3.Nf3 Bg7 4.g3 O-O 5.Bg2 d6 6.O-O Nc6 7.Nc3 a6 8.h3 Rb8
9.e4 b5 10.cxb5 axb5 11.Re1 b4 12.Nd5 Nd7 13.Bg5 h6 14.Rc1 hxg5 15.Rxc6 Bb7
16.Nxb4 Ba8 17.Rc4 c5 18.dxc5 Nxc5 19.b3 Qa5 20.Qd2 Rfc8 21.Nd5 Qxd2 22.Nxd2 Kf8
23.Rec1 e6 24.b4 exd5 25.exd5 Bb2 26.R1c2 Ba3 27.bxc5 Rxc5 28.Rxc5 Bxc5 29.Ne4 Bxd5
30.Nxc5 Rb1+ 31.Kh2 Bxg2 32.Kxg2 dxc5 33.Rxc5 Ra1 34.Ra5 Kg7 35.Kf3 f5 36.Ra7+ Kh6
37.g4 Rh1 38.Kg2 Ra1 39.a4 fxg4 40.hxg4 Rg1+ 41.Kf3 Rg3+ 42.Ke4 Re3+ 43.Kd5 Re5+
44.Kd6 Re6+ 45.Kd7 Rd6+ 46.Kc8 Rd8+ 47.Kc7 Rc8+ 48.Kxc8  1/2-1/2

[Event "Tatry Open 2012"]
[Site "Tatranske Zruby SVK"]
[Date "2012.09.26"]
[Round "5.55"]
[White "Houdek,Daniel"]
[Black "Marusak,P"]
[Result "0-1"]
[WhiteElo "1874"]
[BlackElo "2036"]

1.Nf3 Nf6 2.d4 d6 3.c4 g6 4.g3 Bg7 5.Bg2 O-O 6.O-O c5 7.dxc5 dxc5 8.Qb3 Nc6
9.Rd1 Nd4 10.Nxd4 cxd4 11.Bf4 Nd7 12.Na3 e5 13.Bd2 Re8 14.Qc2 Nc5 15.Bb4 Bf8
16.Bxc5 Bxc5 17.Nb1 Qc7 18.a3 a5 19.Nd2 Be6 20.Rac1 Rec8 21.Qe4 b6 22.Qh4 Be7
23.Qh6 Bf8 24.Qh4 Be7 25.Qh6 Qd8 26.f4 Ra7 27.Nf3 Bxc4 28.fxe5 Bxe2 29.Rxd4 Rxc1+
30.Qxc1 Qc7 31.Qd2 Bxf3 32.Bxf3 Bc5 33.Kg2 Bxd4 34.Qxd4 Qc2+ 35.Kh3 Qf5+
36.Bg4 Qg5 37.e6 Qe7 38.exf7+ Qxf7 39.Qd8+ Kg7 40.Qd4+ Qf6 41.Qd2 Qf1+ 42.Kh4 Rf7
43.Bc8 Qf2 44.Qc3+ Qf6+ 45.Qxf6+ Rxf6 46.b3 Rf2 47.Kh3 Kf6 48.Ba6 h5  0-1

[Event "30th Balaton Open"]
[Site "Heviz HUN"]
[Date "2012.09.27"]
[Round "5.2"]
[White "Horvath,Ta3"]
[Black "Boehm,Mar"]
[Result "0-1"]
[WhiteElo "2182"]
[BlackElo "2262"]

1.Nf3 Nf6 2.c4 g6 3.d4 Bg7 4.g3 O-O 5.Bg2 d6 6.O-O Nc6 7.Nc3 a6 8.d5 Na5
9.Nd2 c5 10.Qc2 e6 11.Rb1 exd5 12.cxd5 b5 13.b4 cxb4 14.Rxb4 Bb7 15.Qd3 Rc8
16.Nde4 Nd7 17.Rd1 f5 18.Ng5 Rxc3 19.Qd2 Nc4 20.Qf4 Bh6 21.h4 Bxg5 22.hxg5 Nde5
23.Qd4 Rc2 24.a3 Qb6 25.Qf4 Rxe2 26.Bf3  0-1

[Event "TCh-FIN SM 2012-13"]
[Site "Jyvaskyla FIN"]
[Date "2012.09.28"]
[Round "1.1"]
[White "Dokutchaev,A"]
[Black "Novik,Ma"]
[Result "1/2-1/2"]
[WhiteElo "2430"]
[BlackElo "2446"]

1.d4 Nf6 2.Nf3 g6 3.g3 Bg7 4.Bg2 O-O 5.c4 d6 6.O-O Nbd7 7.Nc3 e5 8.e4 c6
9.h3 exd4 10.Nxd4 Qb6 11.Nde2 Ne8 12.b3 a5 13.Be3 Qc7 14.Nd4 Nef6 15.Qc2 Re8
16.Rad1 Nc5 17.a3 Be6 18.Nxe6 Rxe6 19.b4 axb4 20.axb4 Ncd7 21.Qb3  1/2-1/2

[Event "21st TCh-CRO 1a 2012"]
[Site "Sibenik CRO"]
[Date "2012.09.28"]
[Round "6.24"]
[White "Kurajica,B"]
[Black "Ivic,Mat"]
[Result "1-0"]
[WhiteElo "2556"]
[BlackElo "2285"]

1.Nf3 Nf6 2.d4 g6 3.c4 Bg7 4.g3 O-O 5.Bg2 d6 6.O-O Nbd7 7.Nc3 c6 8.Qc2 Qc7
9.b3 Re8 10.Rd1 e5 11.e4 b6 12.Ba3 Bf8 13.Rd3 Ba6 14.Rad1 d5 15.Bxf8 dxc4
16.bxc4 Rxf8 17.dxe5 Nxe5 18.Rd6 Nfg4 19.Nxe5 Nxe5 20.f4 Nxc4 21.Rd7 Qc8
22.Qc1 b5 23.e5 Nb6 24.Ne4 Nxd7 25.Rxd7 Rd8 26.e6 Rxd7 27.exd7 Qc7 28.Nf6+ Kh8
29.Qb2 Qd8 30.Ne8+ f6 31.Nxf6 Kg7 32.Ng4+ Kf7 33.Nh6+ Ke6 34.Qe5+  1-0

[Event "Tatry Open 2012"]
[Site "Tatranske Zruby SVK"]
[Date "2012.09.29"]
[Round "8.32"]
[White "Jablonicky,F"]
[Black "Popelka,O"]
[Result "1-0"]
[WhiteElo "2173"]
[BlackElo "2023"]

1.Nf3 Nf6 2.d4 d6 3.g3 g6 4.Bg2 Bg7 5.c4 O-O 6.O-O c6 7.Nc3 Be6 8.d5 cxd5
9.Nd4 Bd7 10.cxd5 Qb6 11.e3 Na6 12.b3 Rac8 13.Bb2 Qa5 14.Qd2 Nc5 15.a3 Qb6
16.b4 Na4 17.Nxa4 Bxa4 18.Rfc1 Nd7 19.f4 a6 20.Bh3 Qa7 21.Rxc8 Rxc8 22.Rc1 Rxc1+
23.Qxc1 Qb8 24.Kf2 Nb6 25.e4 Bd7 26.Bf1 Qc8 27.Qxc8+ Nxc8 28.Ke3 Nb6 29.Bc1 Ba4
30.Be2 Kf8 31.Bd2 Ke8 32.Bc3 h5 33.Kd2 Kd7 34.Nf3 Bxc3+ 35.Kxc3 e6 36.dxe6+ Kxe6
37.Kd4 f6 38.Nh4 Kf7 39.f5 g5 40.Bxh5+ Ke7 41.Ng2 Bb3 42.Ne3 Kd7 43.h4 Ke7
44.Be2 gxh4 45.gxh4 Kf7 46.Bc4+  1-0

[Event "Oslo GM Open 2012"]
[Site "Oslo NOR"]
[Date "2012.09.30"]
[Round "4.18"]
[White "Hansen,Erl"]
[Black "Sousa,H"]
[Result "1-0"]
[WhiteElo "1861"]
[BlackElo "2232"]

1.d4 Nf6 2.c4 g6 3.Nf3 Bg7 4.g3 d6 5.Bg2 O-O 6.O-O Nc6 7.Nbd2 e5 8.d5 Nb8
9.e4 a5 10.b3 Na6 11.Ba3 Nd7 12.Ne1 Ndc5 13.Nb1 f5 14.f3 fxe4 15.fxe4 Rxf1+
16.Kxf1 Qf6+ 17.Kg1 Bh6 18.Nc2 Qg5 19.Bf3 Nb4 20.Nc3 Nxc2 21.Qxc2 Qe3+ 22.Kg2 Bh3+
23.Kxh3 Qxf3 24.Bxc5 dxc5 25.Rd1 Rf8 26.Qd3 Be3 27.Qe2 Qxe2 28.Nxe2 Rf2 29.Nc3 h5
30.Nb5 g5 31.g4 h4 32.Nxc7 Bf4 33.Rh1 Rxa2 34.Ne6 Be3 35.Re1 Bf2 36.Rf1 Rb2
37.Nxg5 Rxb3+ 38.Kg2 Bd4 39.Nf3 Rb2+ 40.Kh3 Rf2 41.Rxf2 Bxf2 42.d6 Kf7 43.g5 Be3
44.g6+  1-0

[Event "Oslo GM Open 2012"]
[Site "Oslo NOR"]
[Date "2012.09.30"]
[Round "4.5"]
[White "Groenn,A"]
[Black "Urkedal,F"]
[Result "1-0"]
[WhiteElo "2364"]
[BlackElo "2470"]

1.g3 Nf6 2.Bg2 g6 3.c4 Bg7 4.d4 O-O 5.Nf3 d6 6.O-O Nc6 7.d5 Na5 8.Nfd2 c5
9.Nc3 a6 10.Qc2 Rb8 11.b3 b5 12.Bb2 Bh6 13.f4 Bg7 14.Nd1 bxc4 15.bxc4 Rxb2
16.Nxb2 Ng4 17.Rf3 Bd4+ 18.Kh1 Ne3 19.Rxe3 Bxe3 20.Nf3 Bg4 21.Nd1 Bd4 22.Nxd4 cxd4
23.c5 Bf5 24.Qc1 Nb7 25.c6 Qa5 26.Nf2 Nc5 27.g4 Bc8 28.Qb2 Qa4 29.h3 e6 30.Ne4 Nxe4
31.Bxe4 exd5 32.Bxd5 Be6 33.Bf3 Rc8 34.Rc1 d3 35.f5 gxf5 36.gxf5 Bxf5 37.exd3 Qh4
38.Qg2+ Kh8 39.Rc4 Qe1+ 40.Qg1 Qxg1+ 41.Kxg1 Be6 42.Ra4 Kg7 43.Rxa6 d5 44.Kf2 Kf6
45.Bg4 Ke5 46.Ke3 f5 47.d4+ Kd6 48.Bf3 f4+ 49.Kxf4 Bxh3 50.c7+ Kxc7 51.Bxd5 Rd8
52.Ke5 Re8+ 53.Kf4 Rd8 54.Ra5 Kb6 55.Rc5 Rd7 56.a4 Ra7 57.Rb5+ Kc7 58.a5 Bd7
59.Rc5+ Kd6 60.Be4 h6 61.Rh5 Be6 62.Bd3 Rf7+ 63.Ke3 Rf6 64.a6 Kc7 65.Ra5  1-0

[Event "TCh-Belgrade Premier 2012"]
[Site "Belgrade SRB"]
[Date "2012.10.01"]
[Round "1.4"]
[White "Ugrcic,Z"]
[Black "Markovic,Alek"]
[Result "0-1"]
[WhiteElo "2056"]
[BlackElo "2084"]

1.Nf3 Nf6 2.d4 g6 3.c4 Bg7 4.g3 O-O 5.Bg2 d6 6.O-O c6 7.Nc3 Qb6 8.b3 e5 9.dxe5 dxe5
10.Bb2 Re8 11.Qd6 e4 12.Ng5 Qa5 13.Nb5 cxb5 14.Bxf6 bxc4 15.Bxe4 h6 16.Nxf7 Rxe4
17.Bxg7 Kxg7 18.Nxh6 Qe5 19.Qd8 Nc6 20.Qg8+ Kxh6 21.bxc4 Qe8 22.Qd5 Rd4 23.Qc5 Bh3
24.Rfe1 Qe4  0-1

[Event "TCh-Belgrade Premier 2012"]
[Site "Belgrade SRB"]
[Date "2012.10.03"]
[Round "3.1"]
[White "Skare,G"]
[Black "Ravic,N"]
[Result "1/2-1/2"]
[WhiteElo "2335"]
[BlackElo "2315"]

1.d4 Nf6 2.c4 g6 3.Nf3 Bg7 4.g3 O-O 5.Bg2 d6 6.O-O Nc6 7.d5 Na5 8.Nfd2 c6
9.Nc3 cxd5 10.cxd5 e6 11.dxe6 Bxe6  1/2-1/2